000 00683nam a2200241 i 4500
001 bg
100 1 _aTHOMSEN, Erik
_d(1959- )
245 1 0 _aMicrosoft OLAP solutions /
_cErik Thomsen, George Spofford, Dick Chase.
260 _aNew York [etc.] :
_bWiley,
_ccop.1999.
300 _aXVIII, 509 s. :
_brys. ;
_c25 cm.
650 9 _aBaza danych
_xbudowa i organizacja
650 9 _aPrzetwarzanie danych
_xautomatyzacja
650 9 _aOLAP
700 1 _aSPOFFORD, George
_d(1965- )
700 1 _aCHASE, Dick
020 _a0471332585
040 _cBPK
041 0 _aen
080 _a004.65
920 _a0-471-33258-5
942 _cKS
008 s pl f |000 0 pol
999 _c36487
_d36487
856 _uhttp://koha.tu.koszalin.pl/cgi-bin/koha/opac-detail.pl?biblionumber=36487
_yKatalog online BPK